000 00421nam a22001457a 4500
005 20260116122835.0
008 260116b |||||||| |||| 00| 0 eng d
020 _a978-1-4555-7753-8
050 _aPE 1128 .M64 1983 V.3 C.18
100 _aLUSTBADER, ERIC VAN
245 _aROBERT LUDLUM'S THE BOURNE ASCENDANCY: A NEW JASON BOURNE NOVEL
260 _aNEW YORK
_bMYN PYN
_c2014
300 _aVI,454P.
942 _2lcc
_cBK
999 _c216467
_d216467